<?xml version="1.0" encoding="UTF-8"?><?xml-stylesheet type="text/xsl" href="static/style.xsl"?><OAI-PMH xmlns="http://www.openarchives.org/OAI/2.0/" xmlns:xsi="http://www.w3.org/2001/XMLSchema-instance" xsi:schemaLocation="http://www.openarchives.org/OAI/2.0/ http://www.openarchives.org/OAI/2.0/OAI-PMH.xsd"><responseDate>2026-06-07T13:53:40Z</responseDate><request verb="GetRecord" identifier="oai:docta.ucm.es:20.500.14352/72890" metadataPrefix="marc">https://docta.ucm.es/rest/oai/request</request><GetRecord><record><header><identifier>oai:docta.ucm.es:20.500.14352/72890</identifier><datestamp>2024-10-21T12:36:03Z</datestamp><setSpec>com_20.500.14352_14</setSpec><setSpec>col_20.500.14352_15</setSpec></header><metadata><record xmlns="http://www.loc.gov/MARC21/slim" xmlns:dcterms="http://purl.org/dc/terms/" xmlns:xsi="http://www.w3.org/2001/XMLSchema-instance" xmlns:doc="http://www.lyncode.com/xoai" xsi:schemaLocation="http://www.loc.gov/MARC21/slim http://www.loc.gov/standards/marcxml/schema/MARC21slim.xsd">
   <leader>00925njm 22002777a 4500</leader>
   <datafield ind2=" " ind1=" " tag="042">
      <subfield code="a">dc</subfield>
   </datafield>
   <datafield ind2=" " ind1=" " tag="720">
      <subfield code="a">Meloni, Marco</subfield>
      <subfield code="e">author</subfield>
   </datafield>
   <datafield ind2=" " ind1=" " tag="720">
      <subfield code="a">Lupato García, Fabio</subfield>
      <subfield code="e">author</subfield>
   </datafield>
   <datafield ind2=" " ind1=" " tag="260">
      <subfield code="c">2023</subfield>
   </datafield>
   <datafield ind2=" " ind1=" " tag="520">
      <subfield code="a">While the digitalisation of political parties is increasingly analysed, less attention has been paid to the evolution of digital procedures and their consequences on intra-party democracy and party change. We propose a typology for identifying different types of evolution processes (consolidation, reconfiguration, mutation, and elimination) using the Spanish party Podemos paradigmatic case. Our analysis points out the centrality of hard and soft setbacks in the evolution of the digital procedures of the party. Findings indicate the relevance of different dynamics, such as institutionalisation, personalisation, and factionalism, jointly with other internal and external factors. Studying the evolution of digital party procedures is relevant for tracing party change in digital parties and other parties that are experiencing digitalisation processes.</subfield>
   </datafield>
   <datafield ind1="8" ind2=" " tag="024">
      <subfield code="a">Meloni, Marco, y Fabio G. Lupato. «Two Steps Forward, One Step Back: The Evolution of Democratic Digital Innovations in Podemos». South European Society and Politics 27, n.o 2 (3 de abril de 2022): 253-78. https://doi.org/10.1080/13608746.2022.2161973.</subfield>
   </datafield>
   <datafield ind1="8" ind2=" " tag="024">
      <subfield code="a">1360-8746</subfield>
   </datafield>
   <datafield ind1="8" ind2=" " tag="024">
      <subfield code="a">10.1080/13608746.2022.2161973</subfield>
   </datafield>
   <datafield ind1="8" ind2=" " tag="024">
      <subfield code="a">https://hdl.handle.net/20.500.14352/72890</subfield>
   </datafield>
   <datafield ind1="8" ind2=" " tag="024">
      <subfield code="a">1743-9612</subfield>
   </datafield>
   <datafield ind1="8" ind2=" " tag="024">
      <subfield code="a">https://doi.org/10.1080/13608746.2022.2161973</subfield>
   </datafield>
   <datafield ind1="8" ind2=" " tag="024">
      <subfield code="a">https://www.tandfonline.com/doi/full/10.1080/13608746.2022.2161973</subfield>
   </datafield>
   <datafield ind2="0" ind1="0" tag="245">
      <subfield code="a">Two Steps Forward, One Step Back: The Evolution  of Democratic Digital Innovations in Podemos</subfield>
   </datafield>
</record></metadata></record></GetRecord></OAI-PMH>